TELEVISION TRUOBLESHOOTER'S HANDBOOK BLACK & WHITE/COLOUR (Record no. 582580)

000 -LEADER
fixed length control field 00320nam a22001217a 4500
020 ## - INTERNATIONAL STANDARD BOOK NUMBER
International Standard Book Number 0-7042-0098-8
082 ## - DEWEY DECIMAL CLASSIFICATION NUMBER
Classification number 621.38889 TEL'E
100 ## - MAIN ENTRY--PERSONAL NAME
Personal name ELECTRIC TECHNICIAN
9 (RLIN) 77283
245 ## - TITLE STATEMENT
Title TELEVISION TRUOBLESHOOTER'S HANDBOOK BLACK & WHITE/COLOUR
260 ## - PUBLICATION, DISTRIBUTION, ETC.
Place of publication, distribution, etc. ENGLAND
Name of publisher, distributor, etc. FOULSHAM TAB
Date of publication, distribution, etc. 1974
300 ## - PHYSICAL DESCRIPTION
Extent 284P
942 ## - ADDED ENTRY ELEMENTS (KOHA)
Koha item type Book
Holdings
Withdrawn status Lost status Damaged status Not for loan Permanent Location Current Location Shelving location Date acquired Total Checkouts Full call number Barcode Date last seen Price effective from Koha item type
        College of Electrical & Mechanical Engineering (CEME) College of Electrical & Mechanical Engineering (CEME) General Stacks 06/06/2017   621.38889 TEL'E CEME-9859 06/28/2021 06/28/2021 Book
© 2023 Central Library, National University of Sciences and Technology. All Rights Reserved.